WWII Tanks Multiple Choice - Statistics

General Stats
  • This quiz has been taken 1,082 times
    398 since last reset
  • The average score is 9 of 15
Answer Stats
Question Answer % Correct
Which of these tanks was not a German "cat" Löwe
90%
What German tank is shown on the thumpnail picture? Tiger I
88%
What was the only tank used on all theaters? M4 Sherman
76%
What was the main tank producer of Czechoslovakia? Škoda Auto
75%
The Soviet IS tanks were named after who? Joseph Stalin (Joseph in Russian is Ioseph)
74%
The Germans were planning on building a giant 1000 ton and cruiser. But what was it called? P. 1000 Ratte
74%
What was the most produced tank of the war? T-34
71%
What French WWI light tank was also used heavily in WWII Renault FT
65%
The Panzer 38(t) was based on what Czechoslovak tank? LT vz. 38
57%
What was the Canadian armed forces motto? Through the mud and the blood to the green fields beyond.
54%
What was the planed New Zealandish tank named? Bob Semple Tank
53%
What was the planed Japanese super heavy tank called? O-Ni
47%
At it's peak, how many Sherman tanks did the Detroit arsenal make? 1 every 30 min.
38%
What was the most produced Japanese tank? Type 95 Ha-Go
35%
How many tanks were in total made by the Germans? Ca. 50.000
32%
No matching quizzes found
Score Distribution
Percent of People with Each Score
Percentile by Number Answered
Your Score History
You have not taken this quiz since the last reset